[Event "Titled Tuesday intern op 22nd Aug Early"]
[Site "Chess.com INT"]
[Date "2023.08.22"]
[Round "1"]
[White "Sharan, Rao"]
[Black "Senft, Sean"]
[Result "1-0"]
[WhiteElo "2430"]
[BlackElo "2146"]
[PlyCount "135"]
[EventDate "2023.08.22"]
[EventType "swiss (blitz)"]
[EventRounds "11"]
[EventCountry "USA"]
[SourceTitle "EXT 2024"]
[Source "ChessBase"]
[SourceDate "2023.10.10"]
[SourceVersion "1"]
[SourceVersionDate "2023.10.10"]
[SourceQuality "1"]

1. d4 d5 2. Nf3 Nf6 3. Bf4 c6 4. e3 Bf5 5. c4 a6 6. Nc3 e6 7. Qb3 Ra7 8. Be2 Bd6 9. Bg3 0-0 10. Ne5 Ne4 11. Nxe4 Bxe4 12. 0-0 f6 13. Nd3 Bxg3 14. hxg3 Bxd3 15. Bxd3 Nd7 16. Rad1 Kh8 17. e4 Nb6 18. c5 Nd7 19. Rfe1 Qc7 20. Qc2 h6 21. Qe2 b6 22. Qg4 bxc5 23. exd5 f5 24. Qg6 cxd5 25. Rxe6 Nf6 26. Bxf5 Kg8 27. Rde1 Qf7 28. Qxf7+ Raxf7 29. dxc5 Rc7 30. b4 a5 31. a3 axb4 32. axb4 Rb8 33. Bg6 Rcc8 34. Rb6 Rxb6 35. cxb6 Rb8 36. Re6 Kf8 37. f3 d4 38. Kf2 Ng8 39. Ke2 Ne7 40. Be4 Kf7 41. Rd6 Nc8 42. Rd7+ Ke6 43. Rxd4 Rxb6 44. Kd3 Nd6 45. g4 Nb5 46. Rc4 Rd6+ 47. Kc2 Nd4+ 48. Kb2 Nb5 49. Rc6 Rxc6 50. Bxc6 Nd4 51. Be4 Ke5 52. Kc3 Ne6 53. Kc4 Kf4 54. b5 Kg3 55. b6 Nd8 56. b7 Nxb7 57. Bxb7 Kxg2 58. Kd4 Kg3 59. Ke5 g6 60. Ke4 h5 61. gxh5 gxh5 62. f4 h4 63. Ke5 Kg4 64. f5 Kg5 65. f6 h3 66. Ke6 h2 67. f7 h1Q 68. Bxh1 1-0

[Event "Titled Tuesday intern op 22nd Aug Early"]
[Site "Chess.com INT"]
[Date "2023.08.22"]
[Round "4"]
[White "Zhigalko, Sergei"]
[Black "Sharan, Rao"]
[Result "1-0"]
[WhiteElo "2572"]
[BlackElo "2430"]
[PlyCount "73"]
[EventDate "2023.08.22"]
[EventType "swiss (blitz)"]
[EventRounds "11"]
[EventCountry "USA"]
[SourceTitle "EXT 2024"]
[Source "ChessBase"]
[SourceDate "2023.10.10"]
[SourceVersion "1"]
[SourceVersionDate "2023.10.10"]
[SourceQuality "1"]

1. e4 e6 2. d4 d5 3. e5 c5 4. c3 Nc6 5. Nf3 Qb6 6. Bd3 cxd4 7. 0-0 Bd7 8. Re1 a5 9. cxd4 Nxd4 10. Nxd4 Qxd4 11. Nc3 Rc8 12. Nb5 Qb6 13. Be3 Qd8 14. Rc1 Bb4 15. Qg4 Kf8 16. Rxc8 Qxc8 17. Rc1 Bc6 18. a3 Be7 19. Na7 Qd7 20. Nxc6 bxc6 21. Qa4 g6 22. Qxc6 Qxc6 23. Rxc6 Kg7 24. Bd2 Nh6 25. Bxa5 Rb8 26. b4 Ng4 27. Bc7 Ra8 28. Ba6 Bd8 29. Bd6 f6 30. exf6+ Bxf6 31. h3 Nh6 32. b5 Nf5 33. Bb4 Nd4 34. Rc7+ Kh6 35. Kf1 e5 36. Rd7 Rc8 37. Bxc8 1-0

[Event "Parnu Keres Memorial Rapid op 4th"]
[Site "Parnu"]
[Date "2023.07.30"]
[Round "7"]
[White "Tomson, Mihkel"]
[Black "Sharan, Rao"]
[Result "0-1"]
[WhiteElo "1670"]
[BlackElo "2255"]
[PlyCount "60"]
[EventDate "2023.07.30"]
[EventType "swiss (rapid)"]
[EventRounds "7"]
[EventCountry "EST"]
[SourceTitle "CBM 215 Extra"]
[Source "ChessBase"]
[SourceDate "2023.09.30"]
[SourceVersion "1"]
[SourceVersionDate "2023.09.30"]
[SourceQuality "1"]

1. e4 e6 2. d4 d5 3. Nd2 Nf6 4. e5 Nfd7 5. Bd3 c5 6. c3 Nc6 7. Ne2 cxd4 8. cxd4 f6 9. exf6 Nxf6 10. 0-0 Bd6 11. Nf3 Qc7 12. Re1 0-0 13. b3 Bd7 14. Bb2 Rae8 15. Rc1 Ng4 16. h3 Rxf3 17. gxf3 Nh2 18. Kg2 Rf8 19. Ng3 Nxf3 20. Rf1 Nh4+ 21. Kg1 Bxg3 22. Qg4 Nf3+ 23. Kg2 Bxf2 24. Rxf2 Qh2+ 25. Kf1 Nd2+ 26. Ke1 Qxf2+ 27. Kd1 Ne4 28. Bxe4 dxe4 29. d5 Qf1+ 30. Kc2 Qd3# 0-1

[Event "Parnu Keres Memorial op"]
[Site "Parnu"]
[Date "2023.07.29"]
[Round "9"]
[White "Lu, Miaoyi"]
[Black "Sharan, Rao"]
[Result "0-1"]
[WhiteElo "2171"]
[BlackElo "2255"]
[PlyCount "138"]
[EventDate "2023.07.24"]
[EventType "swiss"]
[EventRounds "9"]
[EventCountry "EST"]
[SourceTitle "CBM 215 Extra"]
[Source "ChessBase"]
[SourceDate "2023.09.30"]
[SourceVersion "1"]
[SourceVersionDate "2023.09.30"]
[SourceQuality "1"]

1. e4 e6 2. d4 d5 3. Nc3 Bb4 4. e5 Bf8 5. Nce2 c5 6. c3 Nc6 7. Nf3 Bd7 8. a3 c4 9. Nf4 h6 10. h4 Na5 11. Nd2 Qc7 12. Qh5 Ne7 13. Rh3 g6 14. Qg4 0-0-0 15. a4 Kb8 16. Qd1 Qb6 17. Rb1 Nc8 18. g4 Be7 19. Bg2 Rdf8 20. h5 g5 21. Ne2 f6 22. exf6 Bxf6 23. Re3 Qc7 24. Ng3 Nb6 25. Ra1 e5 26. dxe5 Bxe5 27. Nf5 Bxf5 28. gxf5 Rxf5 29. Qe2 d4 30. cxd4 Bxd4 31. Re8+ Rxe8 32. Qxe8+ Nc8 33. Kd1 Rxf2 34. Bh3 Nb3 35. Rb1 Nxd2 36. Bxd2 Rxd2+ 37. Kxd2 Qf4+ 38. Kd1 Qf3+ 39. Qe2 Qxh3 40. Qxc4 Qxh5+ 41. Kc2 Qg6+ 42. Qd3 Qc6+ 43. Kb3 Be5 44. Re1 Bf4 45. Re4 Nd6 46. Re6 h5 47. Rg6 a6 48. Qd4 h4 49. Rg8+ Nc8 50. Qh8 Qe6+ 51. Ka3 Bd6+ 52. b4 Qe3+ 53. Ka2 Qd2+ 54. Ka1 Qc1+ 55. Ka2 Qc2+ 56. Qb2 Qxa4+ 57. Qa3 Qxa3+ 58. Kxa3 Be7 59. Kb3 h3 60. Kc4 h2 61. Rh8 Bd6 62. Kd3 g4 63. Ke2 g3 64. Kf3 Kc7 65. Kg2 Ne7 66. Rh7 Kc6 67. Kh1 Nd5 68. Rh6 Nxb4 69. Rh5 Nd3 0-1

[Event "Parnu Keres Memorial op"]
[Site "Parnu"]
[Date "2023.07.28"]
[Round "8"]
[White "Sharan, Rao"]
[Black "Pultinevicius, Paulius"]
[Result "0-1"]
[WhiteElo "2255"]
[BlackElo "2517"]
[PlyCount "106"]
[EventDate "2023.07.24"]
[EventType "swiss"]
[EventRounds "9"]
[EventCountry "EST"]
[SourceTitle "CBM 215 Extra"]
[Source "ChessBase"]
[SourceDate "2023.09.30"]
[SourceVersion "1"]
[SourceVersionDate "2023.09.30"]
[SourceQuality "1"]

1. Nf3 g6 2. d4 Bg7 3. b4 d6 4. Bb2 c5 5. bxc5 dxc5 6. e3 Nf6 7. c3 0-0 8. Be2 Qc7 9. 0-0 Nc6 10. Ba3 b6 11. Nbd2 Bb7 12. dxc5 bxc5 13. Bxc5 Nd5 14. Ne4 Nd8 15. Bd4 e5 16. Bc5 Nxc3 17. Bd6 Nxd1 18. Bxc7 Bxe4 19. Rfxd1 Ne6 20. Bd6 Rfd8 21. Rac1 Rac8 22. Bc4 h6 23. h3 Ng5 24. Nxe5 Rxd6 25. Rxd6 Bxe5 26. Rd7 Kf8 27. f4 Bb2 28. Rf1 Nxh3+ 29. gxh3 Rxc4 30. Rxa7 Rc3 31. Re1 Ba3 32. Kf2 Be7 33. Kg3 Rc2 34. h4 Rg2+ 35. Kh3 Rf2 36. Rc1 Rf3+ 37. Kh2 Bxh4 38. Rc8+ Kg7 39. Rcc7 Bd5 40. Rc5 Be6 41. Re5 Rf2+ 42. Kg1 Bh3 43. Rb5 Bg3 44. Rb1 Rg2+ 45. Kh1 Rh2+ 46. Kg1 Bg4 47. Rbb7 Bf3 48. Rxf7+ Kg8 49. Rg7+ Kf8 50. Rgf7+ Ke8 51. Rfe7+ Kd8 52. Red7+ Kc8 53. Rdc7+ Kb8 0-1

[Event "St Veit op 42nd"]
[Site "St Veit"]
[Date "2023.07.08"]
[Round "1"]
[White "Sharan, Rao"]
[Black "Ebner, Johann"]
[Result "1-0"]
[WhiteElo "2255"]
[BlackElo "1956"]
[PlyCount "108"]
[EventDate "2023.07.08"]
[EventType "swiss"]
[EventRounds "9"]
[EventCountry "AUT"]
[SourceTitle "CBM 215 Extra"]
[Source "ChessBase"]
[SourceDate "2023.09.30"]
[SourceVersion "1"]
[SourceVersionDate "2023.09.30"]
[SourceQuality "1"]

1. Nf3 e6 2. b3 Nf6 3. Bb2 b6 4. e3 Bb7 5. Be2 Be7 6. 0-0 0-0 7. d4 c5 8. c4 d6 9. Nc3 Nbd7 10. Rc1 Ne4 11. Qc2 Ndf6 12. Rfd1 Nxc3 13. Bxc3 Qc7 14. Qb1 Ne4 15. Bb2 f5 16. Qa1 Bf6 17. dxc5 bxc5 18. Nd2 Nxd2 19. Rxd2 Bxb2 20. Qxb2 a5 21. Rcd1 Rad8 22. h3 e5 23. Qc3 Rf6 24. Bf1 Rb8 25. Rb2 Bc6 26. a3 Rff8 27. b4 axb4 28. axb4 cxb4 29. Rxb4 Qa5 30. Rdb1 Rxb4 31. Rxb4 Qc5 32. Qb2 Rc8 33. Rb8 Be8 34. Qb7 Rxb8 35. Qxb8 Kf8 36. Qd8 Qc6 37. Be2 Qd7 38. Qb8 Qe7 39. Bd1 Kf7 40. h4 h6 41. Bb3 Kf6 42. c5 g5 43. cxd6 Qd7 44. hxg5+ hxg5 45. Bc4 Kg6 46. Qc7 e4 47. Qb8 Qa4 48. Kh2 Qd7 49. Ba6 Qa4 50. Qd8 Qd7 51. Qc7 Qa4 52. Be2 Qd7 53. Kg1 Qa4 54. Bh5+ Kxh5 1-0

[Event "Prague op"]
[Site "Prague"]
[Date "2023.06.28"]
[Round "7"]
[White "Mitrabha, Guha"]
[Black "Sharan, Rao"]
[Result "1/2-1/2"]
[WhiteElo "2507"]
[BlackElo "2248"]
[PlyCount "235"]
[EventDate "2023.06.22"]
[EventType "swiss"]
[EventRounds "9"]
[EventCountry "CZE"]
[SourceTitle "CBM 215 Extra"]
[Source "ChessBase"]
[SourceDate "2023.09.30"]
[SourceVersion "1"]
[SourceVersionDate "2023.09.30"]
[SourceQuality "1"]

1. d4 Nf6 2. c4 e6 3. Nc3 Bb4 4. e3 0-0 5. Nf3 d5 6. Bd2 b6 7. cxd5 exd5 8. Rc1 Re8 9. Bd3 Bb7 10. 0-0 a6 11. Ne5 Bd6 12. f4 c5 13. Be1 Nc6 14. Bf2 Ne7 15. Qf3 Ng6 16. h4 cxd4 17. exd4 Ne4 18. h5 Nd2 19. Qg4 Nxe5 20. fxe5 Nxf1 21. Rxf1 Bf8 22. Bh4 Bc8 23. Qf3 Qd7 24. Nxd5 Ra7 25. h6 Qg4 26. Qxg4 Bxg4 27. hxg7 Bxg7 28. Nf6+ Bxf6 29. Bxf6 Rd7 30. Rf4 h5 31. Bxa6 Ra8 32. Bb5 Rc7 33. a3 Rc2 34. Rf2 Rac8 35. Bd3 Rc1+ 36. Kh2 Rd1 37. Bc2 Rxd4 38. e6 Rdc4 39. exf7+ Kxf7 40. Bb3 Ke8 41. Bxc4 Rxc4 42. Kg3 Kd7 43. Bc3 Re4 44. Kh4 b5 45. Rf7+ Kc6 46. Rf6+ Kd5 47. Kg3 Re3+ 48. Kf2 Re2+ 49. Kg1 Re6 50. Rf8 Re4 51. Rb8 Kc6 52. Rg8 Rf4 53. Re8 Rf5 54. Re4 Kd5 55. Rb4 Kc6 56. Rd4 Rd5 57. Re4 Rf5 58. Re1 Rf4 59. Kh2 Kd5 60. Re5+ Kc6 61. Kg3 Rf5 62. Re6+ Kd5 63. Rg6 Kc5 64. Bb4+ Kd4 65. Rc6 Kd5 66. Rc7 Ke4 67. Bc5 Kd3 68. Bb6 Ke4 69. Rc3 Rf6 70. Ba7 Rf7 71. Bf2 Rf5 72. Rb3 Rd5 73. Rb4+ Kd3 74. Be1 Rf5 75. Bc3 Kc2 76. Rd4 Kb3 77. Kh4 Be2 78. Re4 Bd1 79. g3 Rd5 80. Bf6 Ka2 81. Re3 Kb1 82. Be5 Kc2 83. Kg5 Rd3 84. Re4 Bf3 85. Rf4 Bg4 86. Rb4 Rb3 87. Re4 Rf3 88. Kh4 Rf5 89. Bc3 Rd5 90. Rxg4 hxg4 91. Kxg4 Rd1 92. Kf5 Kd3 93. g4 Rf1+ 94. Kg6 Ke4 95. g5 Rf2 96. Bf6 Rg2 97. Bc3 Rf2 98. Bh8 Rh2 99. Bg7 Rf2 100. Bc3 Rf3 101. Bf6 Rg3 102. Bc3 Rf3 103. Bh8 Rf2 104. Bf6 Rg2 105. Kf7 Kf5 106. b3 Rg3 107. Be7 Rxb3 108. g6 Rg3 109. g7 Rxg7+ 110. Kxg7 Ke6 111. Bb4 Kd7 112. Kf7 Kc8 113. Ke6 Kb7 114. Kd7 Ka8 115. Kc7 Ka7 116. Bc5+ Ka8 117. Bd4 b4 118. axb4 1/2-1/2

[Event "Prague op"]
[Site "Prague"]
[Date "2023.06.27"]
[Round "6"]
[White "Sharan, Rao"]
[Black "Heimisson, Hilmir Freyr"]
[Result "0-1"]
[WhiteElo "2248"]
[BlackElo "2413"]
[PlyCount "112"]
[EventDate "2023.06.22"]
[EventType "swiss"]
[EventRounds "9"]
[EventCountry "CZE"]
[SourceTitle "CBM 215 Extra"]
[Source "ChessBase"]
[SourceDate "2023.09.30"]
[SourceVersion "1"]
[SourceVersionDate "2023.09.30"]
[SourceQuality "1"]

1. Nf3 c5 2. b3 Nf6 3. Bb2 g6 4. e3 Bg7 5. Be2 0-0 6. c4 b6 7. 0-0 Bb7 8. d4 e6 9. Nbd2 Qe7 10. Rc1 Rd8 11. Rc2 d6 12. Qa1 Nbd7 13. Rd1 cxd4 14. Nxd4 e5 15. Nb5 Nc5 16. Nf3 Bc6 17. Nc3 Qb7 18. b4 Nce4 19. b5 Bd7 20. Nd2 Nxc3 21. Bxc3 Rac8 22. f4 Bf5 23. Rcc1 Qe7 24. fxe5 dxe5 25. Nf1 Ne4 26. Be1 Re8 27. Bf3 Qg5 28. h4 Qe7 29. a4 h5 30. a5 Bf6 31. axb6 axb6 32. Qa6 Rb8 33. g3 Nc5 34. Qa3 e4 35. Bg2 Ra8 36. Qb4 Ra4 37. Qd2 Nd3 38. Rc2 Rc8 39. Kh2 Qe6 40. Rb1 Rcxc4 41. Rxc4 Qxc4 42. Qd1 Bg4 43. Nd2 Bxd1 44. Nxc4 Bc2 45. Nxb6 Ra2 46. Nd5 Be5 47. Nb4 Bxb1 48. Nxa2 Bxa2 49. Ba5 Bd5 50. Bf1 Kf8 51. Be2 Ke7 52. Kg2 f5 53. Bd1 Nb2 54. Be2 Bc4 55. Bxc4 Nxc4 56. Bb4+ Bd6 0-1

[Event "Titled Tuesday intern op 20th Jun Late"]
[Site "Chess.com INT"]
[Date "2023.06.20"]
[Round "2"]
[White "Baskakov, Egor"]
[Black "Sharan, Rao"]
[Result "1-0"]
[WhiteElo "2215"]
[BlackElo "2248"]
[PlyCount "123"]
[EventDate "2023.06.20"]
[EventType "swiss (blitz)"]
[EventRounds "11"]
[EventCountry "USA"]
[SourceTitle "EXT 2024"]
[Source "ChessBase"]
[SourceDate "2023.10.10"]
[SourceVersion "1"]
[SourceVersionDate "2023.10.10"]
[SourceQuality "1"]

1. e4 d5 2. Nc3 c6 3. g3 Nf6 4. Bg2 dxe4 5. Nxe4 Nxe4 6. Bxe4 g6 7. d4 Bg7 8. Ne2 0-0 9. 0-0 Bh3 10. Re1 Nd7 11. Nf4 Bf5 12. Bxf5 gxf5 13. Be3 Nf6 14. c4 e6 15. Qf3 Kh8 16. Rad1 Qa5 17. d5 cxd5 18. cxd5 exd5 19. Nxd5 Nxd5 20. Qxd5 Qxd5 21. Rxd5 Bxb2 22. Rb1 Bc3 23. Rxb7 a5 24. Rxf5 Kg7 25. Rg5+ Kf6 26. Rc5 Bb4 27. Rb6+ Ke7 28. Rc7+ Kd8 29. Rbb7 Rc8 30. Rd7+ Ke8 31. Bh6 Rg8 32. Rxf7 Rb8 33. Rxb8+ Kxf7 34. Rxg8 Kxg8 35. Kf1 a4 36. Ke2 Kf7 37. Kd3 Be1 38. Be3 Ke6 39. Kc4 Kf5 40. f3 h5 41. Kb5 a3 42. Ka4 h4 43. gxh4 Bxh4 44. Kxa3 Be7+ 45. Kb3 Bd6 46. h3 Bc7 47. a4 Ke6 48. Kc4 Kd7 49. Kb5 Kc8 50. a5 Kb7 51. a6+ Ka8 52. Kc6 Be5 53. h4 Bf6 54. h5 Bg7 55. h6 Bh8 56. h7 Be5 57. Kd7 Bg7 58. Ke7 Kb8 59. Kf7 Bh8 60. Bg5 Ka7 61. Bh6 Kxa6 62. Bg7 1-0

[Event "SVK-ch Amateurs"]
[Site "Liptovsky Jan"]
[Date "2023.06.17"]
[Round "6"]
[White "Sharan, Rao"]
[Black "Jeet, Jain"]
[Result "0-1"]
[WhiteElo "2248"]
[BlackElo "2199"]
[PlyCount "94"]
[EventDate "2023.06.15"]
[EventType "swiss"]
[EventRounds "8"]
[EventCountry "SVK"]
[SourceTitle "CBM 214 Extra"]
[Source "ChessBase"]
[SourceDate "2023.07.31"]
[SourceVersion "1"]
[SourceVersionDate "2023.07.31"]
[SourceQuality "1"]

1. Nf3 d5 2. b3 Nf6 3. Bb2 Bf5 4. e3 e6 5. d4 Bd6 6. Bd3 Ne4 7. 0-0 c6 8. c4 Bg4 9. h3 h5 10. Be2 f5 11. Nbd2 Nxd2 12. Qxd2 Bxf3 13. Bxf3 g5 14. Bd1 g4 15. f4 Nd7 16. Qe1 Be7 17. b4 Kf7 18. e4 dxe4 19. d5 Bf6 20. dxe6+ Kxe6 21. Bxf6 Nxf6 22. Qc3 Kf7 23. c5 Qd3 24. Bb3+ Kg6 25. Qe1 h4 26. Kh2 Qg3+ 27. Qxg3 hxg3+ 28. Kxg3 gxh3 29. gxh3 Rad8 30. Rad1 Rxd1 31. Bxd1 Rd8 32. Rg1 Rd2 33. Bb3 Nd5 34. Kh4+ Kh6 35. Bxd5 cxd5 36. Rg5 e3 37. Kg3 d4 38. Kf3 Rf2+ 39. Kg3 Rf1 40. Rxf5 e2 41. Rf6+ Kg7 42. Re6 e1Q+ 43. Rxe1 Rxe1 44. b5 d3 45. c6 bxc6 46. bxc6 d2 47. c7 Rc1 0-1

[Event "SVK-ch Amateurs"]
[Site "Liptovsky Jan"]
[Date "2023.06.16"]
[Round "3"]
[White "Skreno, Vladimir"]
[Black "Sharan, Rao"]
[Result "0-1"]
[WhiteElo "2088"]
[BlackElo "2248"]
[PlyCount "92"]
[EventDate "2023.06.15"]
[EventType "swiss"]
[EventRounds "8"]
[EventCountry "SVK"]
[SourceTitle "CBM 214 Extra"]
[Source "ChessBase"]
[SourceDate "2023.07.31"]
[SourceVersion "1"]
[SourceVersionDate "2023.07.31"]
[SourceQuality "1"]

1. d4 Nf6 2. Bg5 d5 3. e3 e6 4. c4 Nbd7 5. cxd5 exd5 6. Nc3 c6 7. Nf3 Bd6 8. Be2 h6 9. Bxf6 Qxf6 10. 0-0 0-0 11. a3 Re8 12. Rc1 Nf8 13. Na4 Ng6 14. Nc5 Re7 15. b4 a6 16. a4 b6 17. Nd3 Bf5 18. Qb3 Be4 19. Nde1 Re6 20. g3 Bf8 21. Nd2 Bf5 22. Ng2 Bh3 23. b5 axb5 24. axb5 c5 25. Qxd5 Rd8 26. Qf3 cxd4 27. Qxf6 gxf6 28. Nc4 Bc5 29. Rfd1 Kg7 30. exd4 Bxd4 31. Bf3 Ne5 32. Nxe5 fxe5 33. Ne3 Rf6 34. Be2 Ra8 35. Rc2 Ra3 36. Bf1 Be6 37. Nc4 Raf3 38. Nd6 Bb3 39. Ne8+ Kg6 40. Nxf6 Bxc2 41. Rd2 Rxf2 42. Rxd4 exd4 43. Kxf2 Kxf6 44. Bc4 Bg6 45. Kf3 Ke5 46. g4 f6 0-1

[Event "Titled Tuesday intern op 30th May Early"]
[Site "Chess.com INT"]
[Date "2023.05.30"]
[Round "7"]
[White "Sharan, Rao"]
[Black "Ardila, Oscar Humberto"]
[Result "1-0"]
[WhiteElo "2248"]
[BlackElo "1982"]
[PlyCount "143"]
[EventDate "2023.05.30"]
[EventType "swiss (blitz)"]
[EventRounds "11"]
[EventCountry "USA"]
[SourceTitle "CBM 214 Extra"]
[Source "ChessBase"]
[SourceDate "2023.07.31"]
[SourceVersion "1"]
[SourceVersionDate "2023.07.31"]
[SourceQuality "1"]

1. d4 Nf6 2. Nc3 d5 3. Bg5 e6 4. e4 dxe4 5. Nxe4 Be7 6. Bxf6 Bxf6 7. Nf3 Be7 8. Bd3 0-0 9. Qe2 f5 10. Nc3 Nc6 11. Qe3 Bf6 12. Ne2 Re8 13. 0-0-0 Nb4 14. Kb1 Nxd3 15. Qxd3 b6 16. Rhg1 Bb7 17. g4 Be4 18. Qe3 Qd5 19. Nc3 Qc6 20. Nxe4 Qxe4 21. Qxe4 fxe4 22. Ne1 Rad8 23. c3 c5 24. Nc2 Bh4 25. Rdf1 Rf8 26. Rg2 Rf3 27. Ne1 Rf4 28. Nc2 Rdf8 29. dxc5 bxc5 30. Re1 Bxf2 31. Re2 Bh4 32. b3 Bf6 33. Kb2 Rf3 34. Rxe4 Bxc3+ 35. Ka3 Rf2 36. Rxf2 Rxf2 37. Ne3 Bb4+ 38. Ka4 Rxa2+ 39. Kb5 Rxh2 40. Nc4 Rh3 41. Ka4 Rg3 42. Rxe6 Rxg4 43. Ne5 Bc3+ 44. Nxg4 Kf7 45. Ra6 h5 46. Rxa7+ Kg6 47. Nf2 Bd4 48. Nh3 Kf6 49. Kb5 g5 50. Kc4 g4 51. Nf4 Kg5 52. Rf7 Be3 53. Ne6+ Kg6 54. Rf8 h4 55. Nxc5 g3 56. b4 Kh5 57. Rg8 Bg5 58. Ne4 Bf4 59. b5 Bc7 60. b6 Bxb6 61. Kd5 Kh6 62. Ke5 Kh7 63. Rg4 Bd8 64. Kf5 Kh6 65. Rg6+ Kh7 66. Rg4 Kh6 67. Nd6 Bc7 68. Nf7+ Kh7 69. Kf6 Bd8+ 70. Nxd8 Kh6 71. Nf7+ Kh7 72. Rg7# 1-0

[Event "Bengaluru Karnataka op"]
[Site "Bengaluru"]
[Date "2023.05.26"]
[Round "2"]
[White "Sharan, Rao"]
[Black "Anirudh, CR."]
[Result "1-0"]
[WhiteElo "2248"]
[BlackElo "1219"]
[PlyCount "103"]
[EventDate "2023.05.26"]
[EventType "swiss"]
[EventRounds "9"]
[EventCountry "IND"]
[SourceTitle "CBM 214 Extra"]
[Source "ChessBase"]
[SourceDate "2023.07.31"]
[SourceVersion "1"]
[SourceVersionDate "2023.07.31"]
[SourceQuality "1"]

1. d4 d5 2. Nc3 e6 3. Bf4 Nf6 4. Nb5 Bd6 5. Nxd6+ cxd6 6. e3 0-0 7. h3 Qb6 8. Rb1 h6 9. Nf3 Bd7 10. Be2 Qa5+ 11. c3 Qc7 12. 0-0 Bc6 13. Qb3 a6 14. Qa3 Rd8 15. Rfc1 Qd7 16. b3 Ne4 17. c4 dxc4 18. bxc4 Qe8 19. Rb2 Qf8 20. Qa5 d5 21. Ne5 f6 22. Ng6 Qe8 23. c5 Rc8 24. Bh5 Qd8 25. Qxd8+ Rxd8 26. Ne7+ Kf8 27. Nxc6 Nxc6 28. Bc7 Rd7 29. Rxb7 Kg8 30. Rcb1 Rc8 31. Bh2 Rxb7 32. Rxb7 Nd8 33. Rb8 Rxb8 34. Bxb8 Kf8 35. f3 Nc3 36. Bd6+ Kg8 37. Be8 Nb5 38. Be7 Nb7 39. Bxb5 axb5 40. c6 Kf7 41. cxb7 Kxe7 42. b8Q Kf7 43. Qxb5 Kg6 44. a4 Kg5 45. a5 Kg6 46. a6 Kg5 47. a7 Kg6 48. a8Q Kg5 49. Qg8 g6 50. Qbb8 Kh5 51. Qg3 g5 52. Qg4# 1-0

[Event "Budapest FS03 GM"]
[Site "Budapest"]
[Date "2023.03.13"]
[Round "8"]
[White "Sharan, Rao"]
[Black "Priasmoro, Novendra"]
[Result "0-1"]
[WhiteElo "2363"]
[BlackElo "2521"]
[PlyCount "60"]
[EventDate "2023.03.04"]
[EventType "tourn"]
[EventRounds "9"]
[EventCountry "HUN"]
[EventCategory "6"]
[SourceTitle "CBM 213 Extra"]
[Source "ChessBase"]
[SourceDate "2023.05.31"]
[SourceVersion "1"]
[SourceVersionDate "2023.05.31"]
[SourceQuality "1"]

1. Nf3 Nf6 2. b3 g6 3. Bb2 Bg7 4. e3 0-0 5. Be2 d6 6. d4 Nbd7 7. 0-0 c6 8. c4 Re8 9. Nc3 e5 10. Qc2 Qe7 11. b4 e4 12. Nd2 Nf8 13. b5 Bf5 14. bxc6 bxc6 15. Nb3 h5 16. Rfd1 h4 17. d5 c5 18. Na5 h3 19. g3 Bg4 20. Rab1 Qd7 21. Ba1 N8h7 22. Rb7 Qf5 23. Nb5 Rad8 24. Nc6 Ng5 25. Bxf6 Nf3+ 26. Kh1 Ne1 27. Rxf7 Qxf2 28. Rxg7+ Kf8 29. Rf7+ Kxf7 30. Nxd8+ Kg8 0-1

[Event "Budapest FS03 GM"]
[Site "Budapest"]
[Date "2023.03.08"]
[Round "5"]
[White "Bruedigam, Martin"]
[Black "Sharan, Rao"]
[Result "1/2-1/2"]
[WhiteElo "2386"]
[BlackElo "2363"]
[PlyCount "183"]
[EventDate "2023.03.04"]
[EventType "tourn"]
[EventRounds "9"]
[EventCountry "HUN"]
[EventCategory "6"]
[SourceTitle "CBM 213 Extra"]
[Source "ChessBase"]
[SourceDate "2023.05.31"]
[SourceVersion "1"]
[SourceVersionDate "2023.05.31"]
[SourceQuality "1"]

1. e4 e6 2. d4 d5 3. Nc3 Nf6 4. e5 Nfd7 5. f4 c5 6. Nf3 Nc6 7. Be3 Qb6 8. Na4 Qa5+ 9. c3 b6 10. Bd2 c4 11. b4 Nxb4 12. cxb4 Bxb4 13. Qc2 Bxd2+ 14. Nxd2 b5 15. Nc3 b4 16. Nce4 dxe4 17. Nxc4 b3+ 18. Nxa5 bxc2 19. Bb5 Rb8 20. Bc6 Rb4 21. Kd2 Rxd4+ 22. Kc3 Rd3+ 23. Kxc2 f5 24. exf6 gxf6 25. Bxe4 Rd4 26. Rhe1 Nc5 27. Bc6+ Kf7 28. g3 Rhd8 29. Red1 Nd3 30. Kc3 Nxf4 31. Rxd4 Ne2+ 32. Kc4 Nxd4 33. Bb7 Nc2 34. Rc1 Bxb7 35. Nxb7 Ne3+ 36. Kb5 Rd2 37. a4 Nc2 38. a5 e5 39. Nc5 f5 40. Ka6 e4 41. Nb3 Rxh2 42. Kxa7 Rg2 43. Kb7 Rxg3 44. Nc5 Nb4 45. Rc4 Ra3 46. Rxb4 Rxa5 47. Kc6 Kf6 48. Kd5 Kg5 49. Kd4 Kf4 50. Ne6+ Kg4 51. Rb7 h6 52. Rh7 h5 53. Ke3 Ra3+ 54. Ke2 h4 55. Rg7+ Kh3 56. Nf4+ Kh2 57. Rg2+ Kh1 58. Rg5 Rf3 59. Rxf5 Kh2 60. Rf6 h3 61. Nxh3 Rxf6 62. Ng5 Ra6 63. Ke3 Kg3 64. Nxe4+ Kg4 65. Nc5 Rd6 66. Ke4 Rd8 67. Nd3 Re8+ 68. Ne5+ Kg5 69. Kd5 Kf5 70. Nc4 Rd8+ 71. Kc5 Ke6 72. Nb6 Rd1 73. Nc4 Rd5+ 74. Kc6 Rh5 75. Nd6 Ke5 76. Kc5 Ke6+ 77. Kc6 Rh4 78. Kc5 Ke5 79. Nc4+ Ke4 80. Nd6+ Ke3 81. Kd5 Rh7 82. Ke6 Kd4 83. Nf5+ Kd3 84. Ke5 Rh8 85. Kd5 Ra8 86. Nd6 Ra2 87. Ke6 Kd4 88. Nf5+ Ke4 89. Nd6+ Kf4 90. Nf7 Ra6+ 91. Nd6 Rxd6+ 92. Kxd6 1/2-1/2

[Event "Cappelle op 39th"]
[Site "Cappelle la Grande"]
[Date "2023.02.20"]
[Round "4"]
[White "Sharan, Rao"]
[Black "Harsha, Bharathakoti"]
[Result "0-1"]
[WhiteElo "2347"]
[BlackElo "2599"]
[PlyCount "132"]
[EventDate "2023.02.18"]
[EventType "swiss"]
[EventRounds "9"]
[EventCountry "FRA"]
[SourceTitle "CBM 213 Extra"]
[Source "ChessBase"]
[SourceDate "2023.05.31"]
[SourceVersion "1"]
[SourceVersionDate "2023.05.31"]
[SourceQuality "1"]

1. Nf3 g6 2. d4 Bg7 3. b3 c5 4. Bb2 cxd4 5. Nxd4 Nf6 6. e3 0-0 7. Be2 d5 8. 0-0 Re8 9. Nf3 Nc6 10. Bb5 Qb6 11. c4 Rd8 12. Qe2 a6 13. Bxc6 Qxc6 14. Nbd2 dxc4 15. Nxc4 Bg4 16. Nce5 Bxf3 17. Nxf3 Qb5 18. Qe1 Rac8 19. Rc1 Ne4 20. Bxg7 Kxg7 21. h3 e5 22. Rxc8 Rxc8 23. Nd2 Qb4 24. Nxe4 Qxe4 25. Qa5 Rc2 26. Rd1 h5 27. Rd2 b6 28. Qd5 Qxd5 29. Rxd5 Rxa2 30. Rd6 b5 31. g4 h4 32. g5 Ra3 33. Kg2 a5 34. Ra6 e4 35. Ra8 Rxb3 36. Rxa5 Kf8 37. Ra8+ Ke7 38. Rh8 Rc3 39. Rxh4 Rc4 40. Rh8 Rc5 41. h4 Kd7 42. Rb8 Kc7 43. Re8 b4 44. Rxe4 Rb5 45. Rd4 b3 46. Rd1 b2 47. Rb1 Kd6 48. f4 Kd5 49. Kf3 Kc4 50. e4 Kc3 51. f5 Kc2 52. Rxb2+ Kxb2 53. Kg4 Kc3 54. fxg6 fxg6 55. h5 gxh5+ 56. Kxh5 Kd4 57. Kh6 Ke5 58. Kh7 Rb7+ 59. Kh8 Ra7 60. Kg8 Kf4 61. g6 Kg5 62. g7 Kg6 63. Kf8 Rf7+ 64. Ke8 Rxg7 65. e5 Kf5 66. Kf8 Ra7 0-1

[Event "Asian Continental Blitz op 19th"]
[Site "Delhi"]
[Date "2022.11.03"]
[Round "9"]
[White "Sharan, Rao"]
[Black "Muhammed, Shuaau"]
[Result "1-0"]
[WhiteElo "2378"]
[BlackElo "2035"]
[PlyCount "93"]
[EventDate "2022.11.03"]
[EventType "swiss (blitz)"]
[EventRounds "9"]
[EventCountry "IND"]
[SourceTitle "EXT 2024"]
[Source "ChessBase"]
[SourceDate "2023.10.10"]
[SourceVersion "1"]
[SourceVersionDate "2023.10.10"]
[SourceQuality "1"]

1. Nf3 Nf6 2. b3 g6 3. Bb2 Bg7 4. e3 0-0 5. Be2 d5 6. 0-0 c5 7. d4 cxd4 8. Nxd4 Nc6 9. Nd2 Nxd4 10. Bxd4 a6 11. c4 dxc4 12. Nxc4 b5 13. Bf3 Rb8 14. Be5 Nd7 15. Bxg7 Kxg7 16. Qd4+ Nf6 17. Qxd8 Rxd8 18. Na5 Bf5 19. Nc6 Rbc8 20. Nxd8 Rxd8 21. Rfd1 Rb8 22. Rac1 a5 23. Rc5 a4 24. b4 Be6 25. a3 Bc4 26. Rc7 e5 27. Bc6 h5 28. h3 e4 29. Rb7 Rc8 30. Bxb5 Bb3 31. Ra1 Rc2 32. Ra7 Rb2 33. Bxa4 Bc4 34. Rc7 Bd3 35. Rc5 Ng8 36. Bb5 Bc2 37. Bc4 Ne7 38. Rc7 Kf6 39. b5 g5 40. a4 g4 41. hxg4 hxg4 42. a5 g3 43. fxg3 Nf5 44. Rxf7+ Ke5 45. Rxf5+ Kxf5 46. a6 Bd3 47. a7 1-0